Manager's guide to online marketing / (Record no. 25975)
[ view plain ]
| 000 -LEADER | |
|---|---|
| fixed length control field | 01805cam a22004697a 4500 |
| 005 - DATE AND TIME OF LATEST TRANSACTION | |
| control field | 20230714102435.0 |
| 008 - FIXED-LENGTH DATA ELEMENTS--GENERAL INFORMATION | |
| fixed length control field | 141002s2013 nyua 001 0 eng d |
| 010 ## - LIBRARY OF CONGRESS CONTROL NUMBER | |
| LC control number | 2014453186 |
| 020 ## - INTERNATIONAL STANDARD BOOK NUMBER | |
| ISBN | 9780071801874 (pbk.) |
| 020 ## - INTERNATIONAL STANDARD BOOK NUMBER | |
| ISBN | 0071801871 |
| 035 ## - SYSTEM CONTROL NUMBER | |
| System control number | (OCoLC)ocn828851887 |
| 040 ## - CATALOGING SOURCE | |
| Original cataloging agency | TOH |
| Language of cataloging | eng |
| Transcribing agency | TOH |
| Modifying agency | OCLCO |
| -- | QBX |
| -- | CDX |
| -- | YDXCP |
| -- | BWX |
| -- | NRM |
| -- | NGU |
| -- | OCLCO |
| -- | OCLCQ |
| -- | KSU |
| -- | COA |
| -- | OCLCF |
| -- | LTP |
| -- | OCLCQ |
| -- | DLC |
| 042 ## - AUTHENTICATION CODE | |
| Authentication code | lccopycat |
| 082 04 - DEWEY DECIMAL CLASSIFICATION NUMBER | |
| Classification number | 658.872 |
| Item number | WEA-M |
| 100 1# - MAIN ENTRY--AUTHOR | |
| Author Name | Weaver, Jason D. |
| 245 10 - TITLE STATEMENT | |
| Title | Manager's guide to online marketing / |
| Statement of responsibility, etc. | Jason D. Weaver. |
| 260 ## - PUBLICATION, DISTRIBUTION, ETC. | |
| Place of Publication | New York : |
| Name of publisher, distributor, etc. | McGraw-Hill, |
| Date of publication, distribution, etc. | 2013. |
| 300 ## - PHYSICAL DESCRIPTION | |
| Pages | xiv, 201 pages : |
| 336 ## - CONTENT TYPE | |
| Content type term | text |
| Content type code | txt |
| Source | rdacontent |
| 337 ## - MEDIA TYPE | |
| Media type term | unmediated |
| Media type code | n |
| Source | rdamedia |
| 338 ## - CARRIER TYPE | |
| Carrier type term | volume |
| Carrier type code | nc |
| Source | rdacarrier |
| 490 1# - SERIES STATEMENT | |
| Series Statement | Briefcase books |
| 500 ## - GENERAL NOTE | |
| General note | Includes index. |
| 650 #0 - SUBJECT ADDED ENTRY--TOPICAL TERM | |
| Subject / Department | Internet marketing. |
| 650 #0 - SUBJECT ADDED ENTRY--TOPICAL TERM | |
| Subject / Department | Internet searching. |
| 650 #0 - SUBJECT ADDED ENTRY--TOPICAL TERM | |
| Subject / Department | Electronic commerce. |
| 650 #0 - SUBJECT ADDED ENTRY--TOPICAL TERM | |
| Subject / Department | Web search engines. |
| 650 #0 - SUBJECT ADDED ENTRY--TOPICAL TERM | |
| Subject / Department | Branding (Marketing) |
| 650 #0 - SUBJECT ADDED ENTRY--TOPICAL TERM | |
| Subject / Department | Marketing. |
| 650 #7 - SUBJECT ADDED ENTRY--TOPICAL TERM | |
| Subject / Department | Branding (Marketing) |
| Source of heading or term | fast |
| Authority record control number or standard number | (OCoLC)fst01743755 |
| 650 #7 - SUBJECT ADDED ENTRY--TOPICAL TERM | |
| Subject / Department | Electronic commerce. |
| Source of heading or term | fast |
| Authority record control number or standard number | (OCoLC)fst00906906 |
| 650 #7 - SUBJECT ADDED ENTRY--TOPICAL TERM | |
| Subject / Department | Internet marketing. |
| Source of heading or term | fast |
| Authority record control number or standard number | (OCoLC)fst00977272 |
| 650 #7 - SUBJECT ADDED ENTRY--TOPICAL TERM | |
| Subject / Department | Internet searching. |
| Source of heading or term | fast |
| Authority record control number or standard number | (OCoLC)fst00977289 |
| 650 #7 - SUBJECT ADDED ENTRY--TOPICAL TERM | |
| Subject / Department | Marketing. |
| Source of heading or term | fast |
| Authority record control number or standard number | (OCoLC)fst01010167 |
| 650 #7 - SUBJECT ADDED ENTRY--TOPICAL TERM | |
| Subject / Department | Web search engines. |
| Source of heading or term | fast |
| Authority record control number or standard number | (OCoLC)fst01173234 |
| 246 30 - VARYING FORM OF TITLE | |
| Title proper/short title | Online marketing |
| 300 ## - PHYSICAL DESCRIPTION | |
| -- | illustrations ; |
| -- | 23 cm. |
| 856 42 - | |
| -- | Publisher description |
| -- | http://www.loc.gov/catdir/enhancements/fy1501/2014453186-d.html |
| 856 42 - | |
| -- | Contributor biographical information |
| -- | http://www.loc.gov/catdir/enhancements/fy1510/2014453186-b.html |
| 906 ## - LOCAL DATA ELEMENT F, LDF (RLIN) | |
| a | 7 |
| b | cbc |
| c | copycat |
| d | 2 |
| e | ncip |
| f | 20 |
| g | y-gencatlg |
| 952 ## - LOCATION AND ITEM INFORMATION (KOHA) | |
| -- | 0 |
| -- | 0 |
| Lost status | Damaged status | Permanent Location | Current Location | Shelving Location | Date acquired | Full Call Number | Accession No./Barcode | Date last seen | item type |
|---|---|---|---|---|---|---|---|---|---|
| Superior Information Resource Center (SIRC) Superior University- Gold Campus | Superior Information Resource Center (SIRC) Superior University- Gold Campus | Marketing | 07/14/2023 | 658.872 WEA-M 2013 | 19445 | 07/14/2023 | BOOK |
